MDQL
is popping MORE tags! Check the
thread
!
Quizzes
Events
Quiz Creation
Community
Videos
Private Events
Remove Ads
Sign In
Join for FREE
Feedback
Dark Mode
Quiz Categories
Sports
Geography
Music
Movies
Television
Just For Fun
Miscellaneous
History
Literature
Language
Science
Gaming
Entertainment
Religion
Holiday
For Kids
Quiz Lab
Recent
Popular Today
Quiz Kudos Today
Editor Picks
Curator Picks
Quizzes by...
Day
Popularity
Type
Ratings
Length
Year
Community
Subscriptions
Recent Discussions
Orange Saloon
Badges
Playlists
Quests
Create
Leaderboards
Showdown
Live 5
Trivia Bingo
Activity
Puzzle Library
Sporcle Events
Private Events
Virtual Trivia
Globe League
Become a Host
Pub Owners
SporcleCon
Opinionation
Our Games
Videos
Blog
Mobile Apps
Partnerships
Remove Ads and Go Orange
Feedback
Sports
Athletes
MLB
NBA
NHL
NFL
Soccer
Sports Teams
WWE
NCAA
Football
Premier League
Basketball
Baseball
Hockey
Golf
Tennis
Cricket
Rugby
Auto Racing
Olympics
World Cup
Sports
Athletes
MLB
NBA
NHL
NFL
Soccer
Sports Teams
WWE
NCAA
Football
Premier League
Basketball
Baseball
Hockey
Golf
Tennis
Cricket
Rugby
Auto Racing
Olympics
World Cup
Random Quiz
Search Sporcle
×
Quiz Lab
Quiz Lab
Sports
Hockey
Type in answers that appear in a list
Type in answers that appear in a list
Classic
Best Score? Go Orange.
NHL Players with One 100 Point Season Stats
Can you name the NHL Players with One 100 Point Season?
By
NickTheKid87
10m
50 Questions
352 Plays
352 Plays
352 Plays
Comments
Comments
Give Quiz Kudos
Give Quiz Kudos
-
- Ratings
hide this ad
More Info
Replay
Link that replays current quiz
Next Quiz
Link to next quiz in quiz playlist
You Got
0%
They Got
Avg Score
62%
Avg Friend Score
Upgrade to see
Score Distribution
Jump to the score distribution portion of the page
Score
0/50
Timer
10:00
0
Plays Today
Points
Player
% Correct
46-
60-
106
Patrick Kane
97.1%
30-
70-
100
Connor McDavid
93.3%
43-
60-
103
Daniel Alfredsson
92.3%
29-
83-
112
Henrik Sedin
92.3%
43-
59-
102
Martin St. Louis
90.3%
33-
68-
101
Nicklas Backstrom
89.5%
45-
55-
100
Eric Staal
89.2%
52-
56-
108
Vincent Lecavalier
88.4%
48-
56-
104
Markus Naslund
83.8%
43-
67-
110
Mats Naslund
83.5%
47-
68-
115
Eric Lindros
83%
58-
49-
107
Bobby Hull
82.7%
43-
57-
100
Marian Hossa
79.5%
44-
59-
103
Gordie Howe
75.9%
28-
75-
103
Al MacInnis
75.6%
22-
80-
102
Brian Leetch
74.1%
31-
70-
101
Denis Potvin
71.3%
47-
67-
114
Mats Sundin
70.7%
25-
79-
104
Doug Weight
69.9%
41-
63-
104
Daniel Sedin
68.8%
51-
65-
116
Johnny Bucyk
65.1%
50-
62-
112
Bill Barber
64.8%
40-
60-
100
Rene Robert
64.8%
51-
59-
110
Joe Mullen
64.2%
44-
57-
101
Steve Larmer
63.6%
Points
Player
% Correct
60-
45-
105
Steve Shutt
63.4%
60-
76-
136
Dennis Maruk
62.2%
50-
52-
102
Mike Gartner
61.9%
52-
50-
102
Brendan Shanahan
61.6%
43-
71-
114
Bobby Smith
61.6%
49-
66-
115
Rob Brown
60.8%
50-
56-
106
Hakan Loob
60.8%
29-
76-
105
Neal Broten
59.4%
32-
70-
102
Joe Juneau
58.2%
24-
82-
106
Craig Janney
56.8%
39-
71-
110
John Cullen
56%
48-
61-
109
Rick Tocchet
56%
52-
51-
103
Jacques Richard
53.4%
42-
60-
102
Brent Sutter
52.8%
55-
50-
105
John Ogrodnick
50%
53-
58-
111
Pierre Larouche
48.3%
50-
50-
100
Rick MacLeish
47.7%
56-
44-
100
Blaine Stoughton
47.4%
42-
58-
100
John Tonelli
47.2%
52-
52-
104
Jean Pronovost
45.5%
50-
56-
106
Vic Hadfield
44.9%
41-
60-
101
Paul MacLean
42.6%
48-
55-
103
Mike Bullard
40.1%
50-
57-
107
Guy Chouinard
40.1%
37-
71-
108
Bob MacMillan
28.4%
Quiz Playlist
Details
Report
Send in Message
Add To Playlist
More Info:
*=Active player
Classic:
Type in answers that appear in a list
Quiz Source
Last Updated: Jan 31, 2018
Quiz Scoreboard
CHALLENGE
Sign Up to Join the Scoreboard
Show All
Scores
Hide
Comments
May contain spoilers
Recently Published
Two Season TV Shows II
by 123Four
Television
10m
Image Sorting: Flags VI
by Barbecue
Geography
2m
Find the 'City' Movie
by crazypaving
Movies
60s
More to Explore
Quiz From the Vault
Featured Blog Post
14 Easter Pick-up Lines to Find Eggs With
hide this ad
You Might Also Like...
Tags
Hockey Quiz
NHL Quiz
100
100-point
Player
Scorer
Season Stat
Top Scorers
Winning
Today's Top Quizzes in Sports
Browse Sports
hide this ad
Today's Top Quizzes in Hockey
Browse Hockey
Top Contributed Quizzes in Sports
1
Les meilleurs buteurs des matchs entre le PSG et l’OM
2
Les entraîneurs de l'OM et du PSG au 21e siècle
3
2022 World Cup Stars
4
Les joueurs passés par le PSG et l'OM
5
Players with Multiple 50 Home Run Seasons
6
FIFA Club World Cup Champions
7
Criteria MLB: Left Handed Sluggers
8
Les joueurs passés par le LOSC et le RC Lens
9
Top 10 NHL Goal Scorers of All Time
10
MLB Players with Two .350 Batting Average Seasons
Explore More
Trending Topics
Crossword
NBA
Marvel
Disney
Harry Potter
Anime
Kpop
Pokémon
The Office
Puzzle
NFL
WWE
Song
Country
Soccer
hide this ad
More By:
NickTheKid87
Quiz
Plays
Rating
Category
Featured
Created
Hart Trophy Votes Per Team (2010s)
3,228
4.67
Sports
Jan 16, 2015
Norris Trophy Votes Per Team (2010s)
3,139
4.83
Sports
Jan 19, 2015
NHL Top 5 Scorers per Team (2010s)
1,719
4.88
Sports
Dec 4, 2014
MLB Top 50 WAR Pitchers (2010s)
1,484
4.75
Sports
Dec 19, 2014
MLB Top 5 WAR Leaders Per Team (2010s)
1,398
4.82
Sports
Oct 17, 2017
Go to Creator's Profile
Score Distribution
Quiz Creator Spotlight
NickTheKid87
Follow
Send a Message
Quizzes Created
-
Created Quiz Play Count
-
More By This Creator
Popular Quizzes Today
1
Find the US States - No Outlines Minefield
2
Colored Red Africa Blitz
3
Find the 'City' Movie
4
5x2 Blitz: Bands
5
The Countries of the World
6
Find the Countries of Europe - No Outlines Minefield
7
Find the US States
8
US States
More Sports Quizzes
2010s Top Scorers: Miami Heat
Published
Trending Quizzes
Colored Red Europe Blitz I
Colored Red Africa Blitz II
Colored Red Europe Blitz II
Colored Red Africa Blitz III
Colored Red Europe Blitz III
Recently Updated
How Do You Spell That?
pecheneg
Godzilla Movies
pecheneg
Grab Bag: 4-10 Letters
pecheneg
2024 March Madness Bracket
pecheneg
Famous TV Couples
Peacemaker
Champions League XIs: Real Madrid
pecheneg
Largest US Cities 1790-2010
pecheneg
Rides in Walt Disney World
pecheneg
Most Oscar Losses (Acting)
pecheneg
Beyoncé Albums
pecheneg
Trending Topics
Disney
Kpop
Marvel
NBA
Anime
Crossword
Harry Potter
NFL
Song
Soccer
WWE
Country
The Office
Pokémon
Puzzle
Your Account Isn't Verified!
In order to create a playlist on Sporcle, you need to verify the email address you used during registration. Go to your
Sporcle Settings
to finish the process.
Report this User
Report this user for behavior that violates our
Community Guidelines
.
Details:
Send Report
Go to the Sporcle.com Mobile Site →
Comments